Vista normal
Vista MARC
Entrada Geographic Name
Número de registros utilizados en: 1
001 - CONTROL NUMBER
- control field: 40810
003 - CONTROL NUMBER IDENTIFIER
- control field: OSt
005 - DATE AND TIME OF LATEST TRANSACTION
- control field: 20210927103729.0
008 - FIXED-LENGTH DATA ELEMENTS
- fixed length control field: 210927|| aca||aabn | a|a d
040 ## - CATALOGING SOURCE
- Original cataloging agency: OSt
- Transcribing agency: OSt
151 ## - HEADING--GEOGRAPHIC NAME
- Geographic name: Magdalena Medio (Regin̤, Colombia)
- General subdivision: Condiciones socioeconm̤icas
670 ## - SOURCE DATA FOUND
- Source citation: Work cat.: (OSt)12571: Estrada Pacheco, Manuel, autor 40809, Confrontación agraria en el Magdalena Medio /, 1985.